000 00520nam a2200193 4500
003 OSt
005 20240626023124.0
006 a
008 240626b |||||||| |||| 00| 0 eng d
020 _a9781407533827
040 _aDWCL-HMN lib.
_cOC
082 _aCirc. 641.59 Es78 2008
245 _aEssential Italian /
260 _aBath, Uk :
_bParragon Books ltd. ,
_cc2008.
300 _b48 p. : col. ill. ;
_c26 cm.
504 _aIncludes index.
650 _a1. Cooking, Italian.
942 _2ddc
_n0
_cBK-CIRC
_kCirc.
999 _c1365
_d1365